| 000 | 00449 a2200157 4500 | ||
|---|---|---|---|
| 005 | 20250718105012.0 | ||
| 008 | 250621b |||||||| |||| 00| 0 eng d | ||
| 020 | _a9789384795214 | ||
| 080 |
_a89M-2 _bKOC/M |
||
| 100 | _aKocheeppen Tharakan, Polachirackal | ||
| 245 | _aMariyamma (മറിയാമ്മ) | ||
| 260 |
_bMaluben publishers _aThiruvananthapuram _c2021 |
||
| 300 | _a168p. | ||
| 653 | _aDrama - Malayalam Literature | ||
| 942 | _cBK | ||
| 999 |
_c114650 _d114649 |
||